<?xml version='1.0' encoding='UTF-8'?><?xml-stylesheet href='static/style.xsl' type='text/xsl'?><OAI-PMH xmlns="http://www.openarchives.org/OAI/2.0/" xmlns:xsi="http://www.w3.org/2001/XMLSchema-instance" xsi:schemaLocation="http://www.openarchives.org/OAI/2.0/ http://www.openarchives.org/OAI/2.0/OAI-PMH.xsd"><responseDate>2026-04-30T16:38:45Z</responseDate><request verb="GetRecord" identifier="oai:ebiltegia.mondragon.edu:20.500.11984/4666" metadataPrefix="marc">https://ebiltegia.mondragon.edu/oai/request</request><GetRecord><record><header><identifier>oai:ebiltegia.mondragon.edu:20.500.11984/4666</identifier><datestamp>2024-01-04T21:56:59Z</datestamp><setSpec>com_20.500.11984_1736</setSpec><setSpec>com_20.500.11984_1627</setSpec><setSpec>col_20.500.11984_1972</setSpec></header><metadata><record xmlns="http://www.loc.gov/MARC21/slim" xmlns:dcterms="http://purl.org/dc/terms/" xmlns:xsi="http://www.w3.org/2001/XMLSchema-instance" xmlns:doc="http://www.lyncode.com/xoai" xsi:schemaLocation="http://www.loc.gov/MARC21/slim http://www.loc.gov/standards/marcxml/schema/MARC21slim.xsd">
   <leader>00925njm 22002777a 4500</leader>
   <datafield ind2=" " ind1=" " tag="042">
      <subfield code="a">dc</subfield>
   </datafield>
   <datafield ind2=" " ind1=" " tag="720">
      <subfield code="a">Mondragon Unibertsitatea</subfield>
      <subfield code="e">author</subfield>
   </datafield>
   <datafield ind2=" " ind1=" " tag="260">
      <subfield code="c">2016-05-12</subfield>
   </datafield>
   <datafield ind2=" " ind1=" " tag="520">
      <subfield code="a">MONDRAGON UNIBERTSITATEko Ikus-entzunezko Komunikazioko ikasleek irabazi dute 2016ko Euspot euskarazko iragarkien lehiaketako sari nagusiak. Hala, atzo, hilak 12, Aretxabaletako Arkupe aretoan egindako sari banaketan, MUko Ikus-entzunezko Komunikazioa graduko 2. mailako Patxi Irigoyen, Kike Otegi, Ibai Zabala eta Martxel Zubia ikasleek jaso zuten spot onenaren saria. Unibertsitateko ikasleek egindako spotik onena, bestalde, irabazi zuten gradu bereko Joseba Fuentes, Saioa Murura, Iratz Urkizu eta Josu Odriozola ikasleek. Anjel Alkain aktoreak aurkeztu zuen sari banaketa ekitaldia.</subfield>
   </datafield>
   <datafield ind2=" " ind1=" " tag="520">
      <subfield code="a">Los estudiantes de 2. curso del grado de Comunicación audiovisual de MONDRAGON UNIBERTSITATEA Patxi Irigoyen, Kike Otegi, Ibai Zabala y Martxel Zubia han resultado ganadores con el primer premio del concurso de spots en euskera Euspot. En la entrega de premios celebrada ayer, día 12 de mayo, también fueron premiados los estudiantes del mismo grado Joseba Fuentes Etxegoien, Saioa Murura Caballero, Iratz Urkizu Gastañazpi y Josu Odriozola Epelde, con premio al mejor trabajo realizado por estudiantes de MU. La entrega de premios se llevó a cabo en la casa de cultura Arkupe de Aretxabaleta y contó con la participación del actor y humorista Anjel Alkain.</subfield>
   </datafield>
   <datafield ind1="8" ind2=" " tag="024">
      <subfield code="a">https://www.youtube.com/embed/SeIuJU_dXKY</subfield>
   </datafield>
   <datafield ind1="8" ind2=" " tag="024">
      <subfield code="a">https://www.flickr.com/photos/arteman/sets/72157668036043192</subfield>
   </datafield>
   <datafield ind1="8" ind2=" " tag="024">
      <subfield code="a">https://www.youtube.com/embed/uOTXBtrzlr0</subfield>
   </datafield>
   <datafield ind1="8" ind2=" " tag="024">
      <subfield code="a">https://www.youtube.com/embed/fVxiIKM3KsI</subfield>
   </datafield>
   <datafield ind1="8" ind2=" " tag="024">
      <subfield code="a">https://www.youtube.com/embed/66F9D91A1B8</subfield>
   </datafield>
   <datafield ind1="8" ind2=" " tag="024">
      <subfield code="a">https://www.youtube.com/embed/Zc26PrWQRxk</subfield>
   </datafield>
   <datafield ind1="8" ind2=" " tag="024">
      <subfield code="a">https://hdl.handle.net/20.500.11984/4666</subfield>
   </datafield>
   <datafield tag="653" ind2=" " ind1=" ">
      <subfield code="a">Humanitate eta Hezkuntza Zientzien Fakultatea</subfield>
   </datafield>
   <datafield ind2="0" ind1="0" tag="245">
      <subfield code="a">MONDRAGON UNIBERTSITATEko ikasleek irabazi dute 2016ko Euspot lehiaketako sari nagusiak</subfield>
   </datafield>
   <datafield ind2="0" ind1="0" tag="245">
      <subfield code="a">Estudiantes de MONDRAGON UNIBERTSITATEA copan los premios del concurso Euspot 2016</subfield>
   </datafield>
</record></metadata></record></GetRecord></OAI-PMH>